| 000 | 00417nam a22001337a 4500 | ||
|---|---|---|---|
| 003 | OSt | ||
| 082 |
_a631.3 _bMEG/I |
||
| 088 | _aT 496 | ||
| 100 |
_aMegha A S _94909 |
||
| 245 | _aInvestigations on high rate anaerobic bioreactor for energy production from rubber latex processing effluent | ||
| 260 |
_aTavanur _bDept of Farm machinery and Power Engineering, KCAET _c2020 |
||
| 700 |
_aShaji James P _92972 |
||
| 942 | _cTH | ||
| 999 |
_c17307 _d17307 |
||